000 00490nam a2200169 4500
001 121447
003 ES-MaACL
005 20230906191743.0
007 t|
008 070214s1968 sp r ||||1| spa d
100 1 _aPorcel, Baltasar.
_993114
245 1 3 _aLa luna y el velero /
_cBaltasar Porcel ; traducción de Nuria Clara.
260 _aBarcelona :
_bTaber,
_c1968.
300 _a210 p. :
_bil. ;
_c20 cm.
700 1 _aClará, Nuria.
_938990
852 _aES-MaACL
_jC-35284
_bR.67899
999 _c121447
_d121447